Score 0/28 Timer 04:00
0 Plays Today
Clue 4-Letter Word % Correct
Food served 'on the cob'CORN
96.9%
An actor's partROLE
94.3%
What one does to a bookREAD
94%
Golfer's goalHOLE
93.6%
Connector from appliance to powerCORD
93.5%
Satan's abodeHELL
92.9%
Golf course exclamationFORE
92.6%
Achilles' baneHEEL
91.9%
Four time winner John•FORD•
91%
Fishing rod componentREEL
90.8%
Dodgeball Actor RipTORN
89.3%
Earth's satellite MOON
89.2%
Thin metal threadWIRE
88.4%
Oliver! winner Carol•REED•
88.3%
Clue 4-Letter Word % Correct
Element #82LEAD
88.2%
Chicago's MLS teamFIRE
87.3%
To make agitatedRILE
86.6%
Shape of Water's Guillermo del ____•TORO•
84.6%
First thing to do in the morningRISE
81.9%
Diving lake birdLOON
81.4%
Brooklyn Nine-Nine's CaptainHOLT
78.8%
West Side Story's Robert•WISE•
78.4%
A sword's handleHILT
78.3%
The Sting's George Roy•HILL•
78%
Winning brothers Joel and Ethan•COEN•
76%
Faucets and fixtures companyMOEN
75.2%
Lawrence of Arabia's David•LEAN•
69.8%
Spanish provinceLEÓN
67.2%

Today's Daily Dose

Remove Ads.
Support Sporcle.
Get the best of Sporcle when you Go Orange. This ad-free experience offers more features, more stats, and more fun while also helping to support Sporcle. Thank you for becoming a member.

You're not logged in!

Compare scores with friends on all Sporcle quizzes.
OR
Log In

Show Comments

Extras

Top Quizzes Today


Score Distribution

Your Account Isn't Verified!

In order to create a playlist on Sporcle, you need to verify the email address you used during registration. Go to your Sporcle Settings to finish the process.

Report this User

Report this user for behavior that violates our Community Guidelines.

Details: